Proceedings of the first regional symposium for applied biological control in Mediterranean Countries, Cairo, Egypt, 25th-29th October 1998 / (Record no. 20956)
[ view plain ]
| 000 -LEADER | |
|---|---|
| fixed length control field | 01072nam a2200253Ia 4500 |
| 001 - CONTROL NUMBER | |
| control field | u12533 |
| 003 - CONTROL NUMBER IDENTIFIER | |
| control field | SIRSI |
| 005 - DATE AND TIME OF LATEST TRANSACTION | |
| control field | 20180220093643.0 |
| 008 - FIXED-LENGTH DATA ELEMENTS--GENERAL INFORMATION | |
| fixed length control field | 000530s1999 fr a b 101 o eng d |
| 020 ## - INTERNATIONAL STANDARD BOOK NUMBER | |
| International Standard Book Number | 2950653634 |
| 020 ## - INTERNATIONAL STANDARD BOOK NUMBER | |
| International Standard Book Number | 2950653642 |
| 039 #9 - LEVEL OF BIBLIOGRAPHIC CONTROL AND CODING DETAIL [OBSOLETE] | |
| Level of rules in bibliographic description | 200311301049 |
| Level of effort used to assign nonsubject heading access points | nehal |
| -- | 200203190952 |
| -- | load |
| 050 ## - LIBRARY OF CONGRESS CALL NUMBER | |
| Classification number | SB933.27 |
| Item number | S95 1999 |
| 111 2# - MAIN ENTRY--MEETING NAME | |
| Meeting name or jurisdiction name as entry element | Symposium for Applied Biological Control in Mediterranean Countries |
| Date of meeting | (1998 : |
| Location of meeting | Cairo, Egypt) |
| 245 10 - TITLE STATEMENT | |
| Title | Proceedings of the first regional symposium for applied biological control in Mediterranean Countries, Cairo, Egypt, 25th-29th October 1998 / |
| Statement of responsibility, etc. | edited by Michel Canard and Valerie Beyssat-Arnaouty. |
| 246 3# - VARYING FORM OF TITLE | |
| Title proper/short title | Applied biological control in Mediterranean Countries |
| 260 ## - PUBLICATION, DISTRIBUTION, ETC. | |
| Place of publication, distribution, etc. | Toulouse, France : |
| Name of publisher, distributor, etc. | [s.l], |
| Date of publication, distribution, etc. | 1999. |
| 300 ## - PHYSICAL DESCRIPTION | |
| Extent | 271 p. : |
| Other physical details | ill ; |
| Dimensions | 26 cm. |
| 504 ## - BIBLIOGRAPHY, ETC. NOTE | |
| Bibliography, etc. note | Includes bibliographical references and index. |
| 596 ## - | |
| -- | 1 |
| 650 #0 - SUBJECT ADDED ENTRY--TOPICAL TERM | |
| Topical term or geographic name entry element | Insect Pests |
| General subdivision | Biological control |
| Form subdivision | Congresses. |
| 942 ## - ADDED ENTRY ELEMENTS (KOHA) | |
| Koha item type | Books |
| Source of classification or shelving scheme | Library of Congress Classification |
| Withdrawn status | Lost status | Source of classification or shelving scheme | Damaged status | Not for loan | Home library | Current library | Date acquired | Total Checkouts | Full call number | Barcode | Date last seen | Copy number | Price effective from | Koha item type |
|---|---|---|---|---|---|---|---|---|---|---|---|---|---|---|
| Library of Congress Classification | Main | Main | 02/20/2018 | SB933.27 S95 1999 | 0010088 | 02/20/2018 | 1 | 02/20/2018 | Books | |||||
| Library of Congress Classification | Main | Main | 02/20/2018 | SB933.27 S95 1999 | 0010083 | 02/20/2018 | 2 | 02/20/2018 | Books |